The art of spending money : (Record no. 50203)
| 000 -LEADER | |
|---|---|
| fixed length control field | 02929nam a2200277 4500 |
| 010 ## - LIBRARY OF CONGRESS CONTROL NUMBER | |
| LC control number | 2025015950 |
| 020 ## - INTERNATIONAL STANDARD BOOK NUMBER | |
| International Standard Book Number | 9780593716632 |
| Qualifying information | ebook |
| 020 ## - INTERNATIONAL STANDARD BOOK NUMBER | |
| Cancelled/invalid ISBN | 9780593716625 |
| Qualifying information | hardcover |
| 020 ## - INTERNATIONAL STANDARD BOOK NUMBER | |
| Cancelled/invalid ISBN | 9781804091890 |
| 035 ## - SYSTEM CONTROL NUMBER | |
| System control number | (DLC)in00024297615 |
| 040 ## - CATALOGING SOURCE | |
| Original cataloging agency | DLC |
| Language of cataloging | eng |
| Transcribing agency | DLC |
| Description conventions | rda |
| 042 ## - AUTHENTICATION CODE | |
| Authentication code | pcc |
| 050 00 - LIBRARY OF CONGRESS CALL NUMBER | |
| Classification number | HG222.3 |
| 082 00 - DEWEY DECIMAL CLASSIFICATION NUMBER | |
| Classification number | 332.024/01 |
| Edition number | 23/eng/20250808 |
| 100 ## - MAIN ENTRY--PERSONAL NAME | |
| Personal name | Housel, Morgan, |
| Relator term | author. |
| 9 (RLIN) | 86807 |
| 245 14 - TITLE STATEMENT | |
| Title | The art of spending money : |
| Remainder of title | simple choices for a richer life / |
| Statement of responsibility, etc | Morgan Housel. |
| 260 ## - PUBLICATION, DISTRIBUTION, ETC. (IMPRINT) | |
| Place of publication, distribution, etc | Great Britain, |
| Name of publisher, distributor, etc | Harriman House: |
| Date of publication, distribution, etc | 2025. |
| 300 ## - PHYSICAL DESCRIPTION | |
| Extent | 254 pages. |
| 505 ## - FORMATTED CONTENTS NOTE | |
| Formatted contents note | Introduction -- All Behavior Makes Sense with Enough Information -- May I Have Your Attention Please -- The Happiest People I Know -- Everything You Don't See -- The Most Valuable Financial Asset Is Not Needing To Impress Anyone -- What Makes You Happy -- The Rich and the Wealthy -- Utility vs. Status -- Risk and Regret -- Look At Them -- Wealth Without Independence is a Unique Form of Poverty -- Social Debt -- Quiet Compounding -- Identity -- Try Something New -- Your Money and Your Kids -- Spreadsheets Don't Care About Your Feelings -- The Finer Things -- The Lifecycle of Greed and Fear -- How to Be Miserable Spending Money -- The Luckier You Are the Nicer You Should Be. |
| 520 ## - SUMMARY, ETC. | |
| Summary, etc | From the bestselling author of The Psychology of Money and Same as Ever, lessons on harnessing the power of money to live a happier life Can money buy happiness? Yes. Can spending it make you happier? Absolutely. Yet, many of us struggle to unlock its full potential-either by spending on things that don't bring as much joy as they should or by avoiding investments that would truly enhance our mental well-being. In The Art of Spending Money, award-winning author Morgan Housel offers a refreshingly practical approach to managing wealth while finding deeper meaning and contentment. Instead of cookie-cutter financial advice, Housel provides you with psychological tools to navigate your personal relationship between money and optimizing for happiness. Discover why people often mistake envy for admiration, how to align your expectations with your income, and ways to invest in future happiness while avoiding regret. Learn about the dangers of social debt and embrace the radical idea that the fastest way to build wealth is by going slow. The Art of Spending Money delves into the complexities that surround money-envy, social aspirations, identity, and insecurity-crucial aspects often missed in traditional financial books. Armed with new insights into money and wealth, you'll learn to sidestep common spending traps, make smarter investing choices, and wield money to its fullest potential to enhance your enjoyment of life"-- Provided by publisher. |
| 650 ## - SUBJECT ADDED ENTRY--TOPICAL TERM | |
| Topical term or geographic name as entry element | Money |
| General subdivision | Psychological aspects |
| 9 (RLIN) | 87224 |
| 650 ## - SUBJECT ADDED ENTRY--TOPICAL TERM | |
| Topical term or geographic name as entry element | Wealth |
| 9 (RLIN) | 87225 |
| 650 ## - SUBJECT ADDED ENTRY--TOPICAL TERM | |
| Topical term or geographic name as entry element | Finance, Personal |
| 942 ## - ADDED ENTRY ELEMENTS (KOHA) | |
| Source of classification or shelving scheme | |
| Koha item type | Book |
| Withdrawn status | Lost status | Source of classification or shelving scheme | Damaged status | Not for loan | Home library | Current library | Date acquired | Total Checkouts | Full call number | Barcode | Checked out | Date last seen | Date checked out | Price effective from | Koha item type |
|---|---|---|---|---|---|---|---|---|---|---|---|---|---|---|---|
| Logos International School | Logos International School | 02/24/2026 | 1 | 332.024 HOU | 040868 | 08/19/2026 | 04/02/2026 | 04/02/2026 | 02/24/2026 | Book |